000 00347nam a22001457a 4500
003 SGT
020 _a0-7514-0167-6
082 _a615.1
_bLOC
100 _aLOCKHART, H.
245 _aPACKAGING OF PHARMACEUTICAL AND HEALTHCARE PRODUCTS
260 _aINDIA
_bBLACKIE PUB.
_c2009
300 _a2011
650 _aPHARMACEUTICAL
942 _2ddc
_cBK
999 _c32997
_d32997